| 000 | 00604nam a2200181Ia 4500 | ||
|---|---|---|---|
| 008 | 100921s9999 xx 000 0 und d | ||
| 082 |
_b9721 _a550 थ 70 |
||
| 100 | _aशिरोळकर श्यामला. | ||
| 245 | _aभूकंप. | ||
| 260 |
_bवोरा अँड कंपनी,मुंबई. _c1970 |
||
| 300 |
_a70 _b--- |
||
| 365 | _b2 | ||
| 520 | _aविज्ञान-भौमिक शास्त्रे. | ||
| 630 | _aभूकंप. | ||
| 650 | _aविज्ञान-भौमिक शास्त्रे. | ||
| 730 | _aभूकंप. | ||
| 942 | _cBOOK | ||
| 999 |
_c758834 _d758831 |
||